Problemas de balances de materia y energía. Resolución analítica y con Aspen Plus.
Zapisane w:
| 1. autor: | |
|---|---|
| Format: | Nieznany |
| Wydane: |
[s.l.] :
[s.n.],
2023.
|
| Wydanie: | Segunda edición. |
| Hasła przedmiotowe: | |
| Etykiety: |
Dodaj etykietę
Nie ma etykietki, Dołącz pierwszą etykiete!
|
MARC
| LEADER | 00000 a2200000 4500 | ||
|---|---|---|---|
| 003 | CL-VaPUC | ||
| 005 | 20250428120155.0 | ||
| 008 | 250428t2023 ||||| |||| 00| 0 spa d | ||
| 999 | |c 449056 |d 449054 | ||
| 020 | |a 979-8397497725 | ||
| 040 | |c Pontificia Universidad Católica de Valparaíso | ||
| 082 | 7 | |2 22 |a 660.2 ESP 2023 | |
| 100 | |a Espinola Lozano, Francisco |9 902010 |e autor | ||
| 245 | |a Problemas de balances de materia y energía. |b Resolución analítica y con Aspen Plus. | ||
| 250 | |a Segunda edición. | ||
| 260 | |a [s.l.] : |b [s.n.], |c 2023. | ||
| 300 | |a 308 páginas. | ||
| 583 | |k GC |c 20250428 | ||
| 650 | |a Materia |v Problemas y ejercicios |9 902420 | ||
| 650 | |a Energía (Física) |v Problemas y ejercicios |9 902421 | ||
| 650 | |2 Procesos químicos | ||
| 942 | |n 1 |2 ddc |c BK | ||
| 952 | |0 0 |1 0 |2 ddc |4 0 |6 660_200000000000000_ESP_2023 |7 0 |8 A |9 602655 |a BIBING |b BIBING |d 2025-04-23 |e 1 |g 51031.00 |i 5667168 |o 660.2 ESP 2023 |p 5667168 |r 2025-04-23 |t 2 |v 51031.00 |w 2025-04-23 |y BK |k EIQ | ||
| 952 | |0 0 |1 0 |2 ddc |4 0 |6 660_200000000000000_ESP_2023 |7 0 |8 A |9 602656 |a BIBING |b BIBING |d 2025-04-23 |e 1 |g 51031.00 |i 5667167 |o 660.2 ESP 2023 |p 5667167 |r 2025-04-23 |t 1 |v 51031.00 |w 2025-04-23 |y BK |k EIQ | ||